00674nam a2200229 a 4500001001300000003000900013005001700022008004100039020001000080082001500090100002100105245002100126260005300147300000800200500003500208650003500243700002100278902000800299942000700307952011500314999001500429nice12345678IN_TiNIC20260116011450.0070713s1882 alla grp 000 0 urd  ac10000a297.2bLAH aLahaz, Imaduddin aTauzeenul Aqwaal aAllahabad bPanjab Religious Book Society c1882 a55p aincludes index and biblioraphy aPolemics-Christianity Vs islam1 aLahaz, Imaduddin bRBA cBK 001040708RareBook->aHMIbHMId2007-07-13g100.00l0o297.2 LAHp04329r2007-07-13v100.00w2007-07-13yBK c1792d1792